The Organizational Champion : (Record no. 30990)

MARC details
000 -LEADER
fixed length control field 01166nam a22002657a 4500
005 - DATE AND TIME OF LATEST TRANSACTION
control field 20091022115930.0
008 - FIXED-LENGTH DATA ELEMENTS--GENERAL INFORMATION
fixed length control field 091022t xxu||||| |||| 00| 0 eng d
010 ## - LCCN (DPL NO)
LC control number ENG-95166
020 ## - INTERNATIONAL STANDARD BOOK NUMBER
International Standard Book Number 9780070677562
Terms of availability 350.00
020 ## - INTERNATIONAL STANDARD BOOK NUMBER
International Standard Book Number 0070677565
Terms of availability 350.00
035 ## - SYSTEM CONTROL NUMBER
System control number EN-78699
040 ## - CATALOGING SOURCE
Original cataloging agency DPL
082 ## - DEWEY DECIMAL CLASSIFICATION NUMBER
Classification number 658.4092
Edition number 22
100 ## - MAIN ENTRY--PERSONAL NAME
Personal name Thompson, Mike
245 ## - TITLE STATEMENT
Title The Organizational Champion :
Remainder of title how to develop passionate change agents at every level /
Statement of responsibility, etc by Mike Thompson
260 ## - PUBLICATION, DISTRIBUTION, ETC. (IMPRINT)
Place of publication, distribution, etc New Delhi
Name of publisher, distributor, etc Tata McGraw Hill Education
Date of publication, distribution, etc c2009.
270 ## - ADDRESS
Address 7 , West Patel Nagar
City New Delhi
Postal code 110008
300 ## - PHYSICAL DESCRIPTION
Extent xii, 239p. :
Dimensions 22 cm.(Pbk)
500 ## - GENERAL NOTE
General note Includes index.
650 ## - SUBJECT ADDED ENTRY--TOPICAL TERM
Topical term or geographic name as entry element Leadership.
650 ## - SUBJECT ADDED ENTRY--TOPICAL TERM
Topical term or geographic name as entry element Organizational change
General subdivision Management
942 ## - ADDED ENTRY ELEMENTS (KOHA)
Source of classification or shelving scheme Dewey Decimal Classification
Item type English Books
Call number suffix THO
Classification part 658.4092
Holdings
Withdrawn status Lost status Source of classification or shelving scheme Damaged status Not for loan Collection code Home library Current library Date acquired Source of acquisition Cost, normal purchase price Total Checkouts Full call number Barcode Date last seen Copy number Cost, replacement price Koha item type
    Dewey Decimal Classification   Not For Loan Non-fiction D.B.Act.Division D.B.Act.Division 22/10/2009 DBAD / PUB 350.00   658.4092 THO EN-78699 22/10/2009 1 350.00 English Books

© Delhi Public Library
Hit Counter
free hit counter